Cap de Creus : Pirineu català / mapa i guia excursionista i turística: Alpina, Societat Gestora d'Informació Territorial Geoestel ; excursions: Franscesc X. Gregori Pirineu català / mapa i guia excursionista i turística:
ISBN:
978-84-8090-266-3
Publicado:
[Granollers] :
Alpina ; [Barcelona] : Societat Gestora d'Informació Territorial Geoestel ,
2007
Descripción Física:
126 p. ; 21 cm + 1 mapa pleg.
Otros Autores:
Gregori, F. Xavier
MARC
| LEADER | 00000nam a2200000Ia 4500 | ||
|---|---|---|---|
| 001 | 19970 | ||
| 008 | 160829s2007 xx 000 0 cat d | ||
| 020 | |a 978-84-8090-266-3 (Alpina) ; 978-84-96688-20-9 (Geoestel) | ||
| 080 | |a C-3-75 | ||
| 245 | |a Cap de Creus : |b Pirineu català / mapa i guia excursionista i turística: |b Alpina, Societat Gestora d'Informació Territorial Geoestel ; excursions: |b Franscesc X. Gregori | ||
| 260 | |a [Granollers] : |b Alpina ; [Barcelona] : |b Societat Gestora d'Informació Territorial Geoestel, |c 2007 | ||
| 300 | |a 126 p. ; |c 21 cm + 1 mapa pleg. | ||
| 590 | |a A la coberta: Parc natural. | ||
| 590 | |a Inclou mapa excursionista, carte de randonnées, hiking map, de 76 x 105 cm plegat a 19 x 12 cm, escala 1:25000, i text de la llegenda en català, castellà, anglès i francès. | ||
| 590 | |a Tancat en una bossa de plàstic | ||
| 650 | |a Parc Natural de Cap de Creus |x Circuits turístics |9 44319 | ||
| 650 | |a Parc Natural de Cap de Creus |x Guies |9 44320 | ||
| 650 | |a Parc Natural de Cap de Creus |x Mapes |9 44321 | ||
| 700 | |a Gregori, F. Xavier |9 44322 | ||
| 710 | 2 | |a Geoestel (Firma) |9 54343 | |
| 866 | |a 2007 - 2008 | ||
| 901 | |a Arxiu | ||
| 942 | |n 1 | ||
| 952 | |0 0 |1 0 |4 0 |6 C375 |7 1 |9 51889 |a Arxiu |b Arxiu |d 2016-12-01 |l 0 |o C-3-75 |p 19970 |r 2016-12-01 00:00:00 |w 2016-12-01 |y ARXIU | ||
| 999 | |c 55735 |d 55735 | ||